بعض البعثات العلمية الشهيرة / (رقم التسجيلة. 92155)

تفاصيل مارك
000 -LEADER
fixed length control field 00626nam a22002057a 4500
005 - DATE AND TIME OF LATEST TRANSACTION
control field 20251108172930.0
008 - FIXED-LENGTH DATA ELEMENTS--GENERAL INFORMATION
fixed length control field 250721s1992 xx 000 0 ara d
082 14 - DEWEY DECIMAL CLASSIFICATION NUMBER
Classification number ط/910.45/هول
100 1# - MAIN ENTRY--PERSONAL NAME
Personal name هولدن، رايموند
Relator term مؤلف
245 10 - TITLE STATEMENT
Title بعض البعثات العلمية الشهيرة /
250 ## - EDITION STATEMENT
Edition statement ط6.
264 1# - PRODUCTION, PUBLICATION, DISTRIBUTION, MANUFACTURE, AND COPYRIGHT NOTICE
Place of production, publication, distribution, manufacture القاهرة :
Name of producer, publisher, distributor, manufacturer دار المعارف،
Date of production, publication, distribution, manufacture, or copyright notice 1992.
300 ## - PHYSICAL DESCRIPTION
Extent 123ص.
490 0# - SERIES STATEMENT
Series statement كل شىء عن
Volume/sequential designation 17
650 17 - SUBJECT ADDED ENTRY--TOPICAL TERM
Topical term or geographic name as entry element الجغرافيا
650 17 - SUBJECT ADDED ENTRY--TOPICAL TERM
Topical term or geographic name as entry element الرحلات الجغرافية
653 ## - INDEX TERM--UNCONTROLLED
Uncontrolled term ناشئون صغار (10-14) سنة
942 ## - ADDED ENTRY ELEMENTS (KOHA)
Source of classification or shelving scheme Dewey Decimal Classification
Koha item type كتب
المقتنيات
حالة السحب حالة الفقدان مصدر التصنيف حالة التلف غير قابل للإعارة المكتبة الرئيسية المكتبة الحالية موقع الرف تاريخ التزويد الرقم المتسلسل Total Checkouts رقم الإستدعاء الباركود تاريخ آخر ظهور تاريخ الفاتورة نوع المادة (كوها)
    Dewey Decimal Classification     مكتبة البشائر للأطفال مكتبة البشائر للأطفال الإعارة 28/07/2025 339381   ط/910.45/هول 339381 28/07/2025 28/07/2025 كتب
    Dewey Decimal Classification     مكتبة الأميرة ايمان العامة مكتبة الأميرة ايمان العامة الأطفال 03/12/2013 [1096].   ط/910.45/هول PLD00289036 28/07/2025 03/12/2013 كتب
    Dewey Decimal Classification     مكتبة الجويدة مكتبة الجويدة الأطفال 04/02/2018 1676207   ط/910.45/هول PLD00417119 28/07/2025 04/02/2018 كتب
Implemented & Customized by: BBB with SCIT (Smart Chains for Information Technology)

Powered by Koha